000 00923nam a2200205Ia 4500
003 Ost
005 20260507075039.0
008 260507s9999||||xx |||||||||||||| ||und||
040 _cfsecg
041 _aara
082 _a330
100 _aالقباني، ثناء
_eمؤلف
245 0 _aالمحاسبة الدولية /
_c ثناء القباني
260 _aالاسكندرية:
_bالدار الجامعية,
_c2003
300 _a217 صفحة؛
_bإيضاحات ؛
_c24 سم
520 _aالمحاسبة عن العمليات التي تتم بعملة أجنبية-ترجمة القوائم المالية المعدة بعملة أجنبية-الإختلاف في التطبيق المحاسبي العالمي والمعايير الدولية-أسعارالتحويل والمتطلبات الدولية
653 _aالمحاسبة
653 _aالمحاسبة الدولية
942 _cكتاب
999 _c42485
_d42485